Ciencia de los materiales

Uloženo v:
Podrobná bibliografie
Hlavní autoři: Anderson, J. C (Autor), Leaver, K. D (Autor), Rawlings, R. D (Autor), Alexander, J. M (Autor)
Médium: Kniha
Jazyk:španělština
Vydáno: Ciudad de México Limusa 1998
Vydání:2a. ed
Edice:Colección Textos Politécnicos
Témata:
Tagy: Přidat tag
Žádné tagy, Buďte první, kdo vytvoří štítek k tomuto záznamu!

MARC

LEADER 00000cam a2200000 a 4500
001 UCF0249
003 CL-VaPUC
008 120510e19980000MX |||||||||||||||||spa|d
020 |a 9681847172 
082 0 4 |a 620.112  |b AND  |2 21 
100 0 |a Anderson, J. C  |e author  |9 562103 
700 0 |a Leaver, K. D  |e author  |9 562104 
700 0 |a Rawlings, R. D  |e author  |9 562105 
700 0 |a Alexander, J. M  |e author  |9 562106 
245 1 0 |a Ciencia de los materiales 
250 |a 2a. ed 
300 |a 702 p 
942 |c BK 
945 |d 20120510 00:00:00  |a cmena 
260 |a Ciudad de México  |b Limusa  |c 1998 
650 0 |a Materiales  |9 260800 
650 0 |a Propiedades mecánicas   |9 262507 
650 0 |a Semiconductores  |9 260250 
650 0 |a Polímeros  |9 271736 
650 0 |a Vidrio  |9 262883 
583 |a last modification  |c 20120928 04:41:03  |k Rodrigo Vera 
490 0 |a Colección Textos Politécnicos 
999 |c 347686  |d 347684 
952 |0 0  |1 0  |4 0  |6 620_112000000000000_AND_1998  |7 0  |8 A  |9 449189  |a BIBING  |b BIBING  |d 2019-11-22  |i 4867343  |l 1  |o 620.112 AND 1998  |p 4867343  |r 2025-01-20  |s 2024-03-15  |w 2019-11-22  |y BK  |k CCL